Niekde za morom

Saved in:
Bibliographic Details
Main Author Klune, TJ
Format Electronic eBook
LanguageCzech
Published Metafora SK 2025
Edition1. elektronické vydání
Subjects
Online AccessDostupné v BOOKPORT po přihlášení pomocí eduID
ISBN978-80-8305-149-2
978-80-8305-147-8
Physical Description1 online zdroj (416 stran)

Cover

LEADER 00000nam a2200000 i 4500
001 bkp100340
003 CZ-prgp
005 20250908130749.0
006 m o d
007 cr cn
008 250908s2025 xr o 000 1 cze
020 |a 978-80-8305-149-2  |c 446 Kč  |q (online ; epub) 
020 |a 978-80-8305-147-8  |c 525 Kč  |q (print) 
040 |a Grada  |b cze  |e rda 
100 1 |a Klune, TJ 
245 1 0 |a Niekde za morom  |c TJ Klune 
250 |a 1. elektronické vydání 
264 1 |b Metafora SK  |c 2025 
300 |a 1 online zdroj (416 stran) 
336 |a text  |b txt  |2 rdacontent 
337 |a počítač  |b c  |2 rdamedia 
338 |a online zdroj  |b cr  |2 rdacarrier 
520 3 |a Arthur Parnassus žije dobrý život vybudovaný z popola toho zlého. Je pánom podivného sirotinca na vzdialenom a zvláštnom ostrove, tvrdo pracuje a dúfa, že žiadne z detí nikdy nepocíti zanedbávanie a bolesť, ktorú kedysi dávno pocítil ako sirota on. 
650 0 4 |a Sci-fi, fantasy 
856 4 0 |u https://www.bookport.cz/AccountSaml/SignIn/?idp=https://shibboleth.utb.cz/idp/shibboleth&returnUrl=/kniha/niekde-za-morom-15251/  |y Dostupné v BOOKPORT po přihlášení pomocí eduID